| 000 | 01009cam a22002771 4500 | ||
|---|---|---|---|
| 001 | 283162 | ||
| 005 | 20240305135433.0 | ||
| 008 | 851023s1967 nyuc b 000 0beng | ||
| 010 | _a 67022598 | ||
| 040 |
_aDLC _cSSBUL _dDLC |
||
| 042 | _alcac | ||
| 050 | 0 | 0 |
_aBL1470 _b.K4 |
| 082 | 0 | 0 |
_a294.363 _aB _a92 _223 _bKe 21501 S-SAT |
| 100 | 1 |
_aKelen, Betty. _937537 |
|
| 245 | 1 | 0 |
_aGautama Buddha in life and legend / _cBetty Kelen. |
| 260 |
_aNew York, _bLothrop, Lee & Shepard Co. _c[1967]. |
||
| 300 |
_axiv, 192 pages ; _c22 cm. |
||
| 500 | _aS-SAT: Prof. Sai Aung Tun | ||
| 504 | _aBibliography: p. [187]-188. | ||
| 520 | _aCombines archeological fact and Buddhist theological legend to recount the life of Gautama Buddha, from the traditional story of his birth, through his quest for wisdom, the years as a sage and teacher, and his death. | ||
| 600 | 0 | 0 | _aGautama Buddha. |
| 600 | 0 | 1 | _aBuddha. |
| 650 | 1 | _aBuddhism. | |
| 906 |
_a7 _bcbc _corignew _du _eocip _f19 _gy-gencatlg |
||
| 942 |
_2ddc _cBK1 |
||
| 999 |
_c32334 _d32334 |
||